Anagramas de palavras que formam outras - Statistics

Estatísticas Gerais
  • Esse quiz foi jogado 200 vezes
  • A pontuação média é 8 de 15
Estatísticas das Respostas
Palavra Anagrama % Correto
Vida Diva
96%
Porco Corpo
86%
Rita Tira
80%
Bomba Bambo
69%
Arte Reta
64%
Nela Anel
62%
Tacos Costa
61%
Quase Saque
54%
Roça Caro
47%
Lâmina Animal
42%
Canal Lança
38%
Fatal Falta
36%
Caixa Caxia
27%
Fraca Facar
27%
É torre Térreo
10%
Nenhum quiz correspondente encontrado
Distribuição das Pontuações
Porcentagem de Pessoas com Cada Pontuação
Percentil de Números Respondidos
Sua Pontuação Histórica
Você não jogou esse quiz